000 00787cam a2200229 i 4500
001 36408
005 20230404125743.0
008 070301b1975 mx a 000 0 spa
041 0 _aspa
050 1 4 _a000 E 141
_bM971h 1975
100 1 _aMuñoz, Juan Bautista,
_d1745-1799
245 1 0 _aHistoria del Nuevo Mundo /
_cJuan Bautista Muñoz ; introducción y notas de José Alcina Franch.
260 _aMéxico, D. F. :
_bAguilar,
_c1975
300 _a323 p. :
_bmapa. ;
_c26 cm.
440 _aBiblioteca americana
650 0 _aAmerica
_xDiscovery and exploration
_xSpanish
_vEarly works to 1800.
600 1 0 _aColón, Cristóbal,
_d1451-1506.
650 0 _aAmérica
_xDescubrimiento y exploraciones.
650 0 _aAmérica
_xHistoria.
830 _aBiblioteca americana
942 _2lcc
_cbk
999 _c3988
_d3988